000 00762nam a22002177a 4500
001 37009
003 UA-OsUOA
005 20220501184235.0
007 ta
008 20060221b un ||||| |||| 00| 0 ukr d
040 _aUA-OsUOA
_brus
_cUA-OsUOA
_dUA-OsUOA
041 _arus
080 _a82.09( 08)(170+571)
090 _a82.09( 08)(170+571)
_bЕ36
245 _aЕжегодник рукописного отдела пушкинского дома на 1980 год
_bсборник научных трудов
_cГригорьян К. Н.
260 _aЛенинград
_bНаука
_c1984
300 _a252 с.
650 7 _a 82.09 Літературна критика. Літературні дослідження
_2UDC
942 _cBK
_2udc
955 _a3
999 _c323235
_d323235